| 000 | 00461nam a22001812 4500 | ||
|---|---|---|---|
| 001 | 0000004288 | ||
| 005 | 20170406115716.0 | ||
| 008 | 140908s xx 000 0 eng d | ||
| 020 | _c$ | ||
| 040 |
_aYour Holding Symbol _cYour Holding Symbol |
||
| 100 | 1 | _aNiven,Larry. | |
| 245 | 1 | 0 | _aInferno. |
| 250 | _a ed. | ||
| 260 |
_aNew york : _bA Kangaroo book, _c1976. |
||
| 300 |
_a237 p. ; _c cm. |
||
| 650 | 0 | _alitrature. | |
| 908 | _a140908 | ||
| 999 |
_c4121 _d4121 |
||